Γνωστική ανάπτυξη : μοντέλα - μέθοδοι - εφαρμογές
Αποθηκεύτηκε σε:
| Κύριος συγγραφέας: | |
|---|---|
| Μορφή: | Βιβλίο |
| Γλώσσα: | Greek |
| Δημοσίευση: |
Αθήνα :
Art of Text,
1993
|
| Σειρά: | Εξελικτική και γνωστική επιστήμη ;
; 1 |
| Θέματα: | |
| Ετικέτες: |
Προσθήκη ετικέτας
Δεν υπάρχουν, Καταχωρήστε ετικέτα πρώτοι!
|
MARC
| LEADER | 00000cam a2200000 i 4500 | ||
|---|---|---|---|
| 001 | 1/37429 | ||
| 008 | 030624s1993 gre d | ||
| 020 | |a 960-312-021-9 | ||
| 035 | |l 10070253 | ||
| 040 | |a GR-MY-UA |b gre |e aacr | ||
| 041 | 0 | |a gre | |
| 082 | 0 | |a 153.4 | |
| 100 | 1 | |a Δημητρίου, Ανδρέας Π. | |
| 245 | 1 | 0 | |a Γνωστική ανάπτυξη : |b μοντέλα - μέθοδοι - εφαρμογές / |c Ανδρέας Π. Δημητρίου |
| 260 | |a Αθήνα : |b Art of Text, |c 1993 | ||
| 300 | |a τ.1 | ||
| 490 | 1 | |a Εξελικτική και γνωστική επιστήμη |v ; 1 | |
| 505 | 0 | |a τ.1: Piaget και νεοπιαζετιανοί | |
| 650 | 0 | 0 | |a Cognition. |
| 650 | 0 | 0 | |a Cognition in children. |
| 830 | 0 | |a Εξελικτική και γνωστική επιστήμη ; |v ; 1 | |
| 852 | |a INST |b LESVOS |e 20180917 |h 153.4 ΔΗΜ |p 005100060608 |q 005100060608 |t BK |y 0 | ||
| 852 | |a INST |b RHODES |e 20030624 |h 153.4 ΔΗΜ |p 005400020470 |q 005400020470 |t BK |y 0 | ||
| 901 | |a BIBL4-2003-2 | ||
| 909 | |a Ρ |b 101818 | ||
| 920 | |a ΔΙΔΑΚΤΙΚΗ |y ΡΟΔΟΣ |z 2003-06 | ||
| 970 | |a ΚΟΥΛΑΚΙΟΤΗ |b ΛΙΤΣΑ |z 2003/06/24 | ||